[Event "CRO-chT2 East"]
[Site "Croatia"]
[Date "2011.04.03"]
[Round "3"]
[White "Dabic, Mladen"]
[Black "Jozic, Zoran"]
[Result "1-0"]
[WhiteElo "2230"]
[BlackElo "2029"]
[PlyCount "71"]
[EventDate "2011.04.02"]
[EventType "tourn"]
[EventRounds "11"]
[EventCountry "CRO"]
[SourceTitle "EXT 2014"]
[Source "ChessBase"]
[SourceDate "2013.11.20"]
[SourceVersion "1"]
[SourceVersionDate "2013.11.20"]
[SourceQuality "1"]

1. e4 e6 2. d4 d5 3. exd5 exd5 4. Bd3 Nf6 5. h3 h6 6. Bf4 Be7 7. Nf3 Be6 8. Nbd2 Nbd7 9. c3 c6 10. Qc2 Qc8 11. Nf1 Nh5 12. Bh2 b6 13. Ne3 0-0 14. Nf5 Bxf5 15. Bxf5 Qb7 16. 0-0 g6 17. Bd3 Rfe8 18. Rfe1 Bf8 19. Re2 Bg7 20. Rae1 Nhf6 21. Rxe8+ Rxe8 22. Rxe8+ Nxe8 23. Qe2 Nef6 24. Qe7 Qc8 25. Ne5 Nxe5 26. dxe5 Ne4 27. Qxa7 b5 28. Qe3 Qd7 29. Bxe4 dxe4 30. Qd4 Qe6 31. b3 f5 32. c4 b4 33. c5 Bf8 34. Bf4 Qd5 35. Qxd5+ cxd5 36. c6 1-0

[Event "CRO-chT2c"]
[Site "Croatia"]
[Date "2009.05.02"]
[Round "4"]
[White "Dabic, Mladen"]
[Black "Pandurevic, Miro"]
[Result "1/2-1/2"]
[WhiteElo "2259"]
[BlackElo "2226"]
[PlyCount "103"]
[EventDate "2009.04.04"]
[EventType "team-tourn"]
[EventRounds "11"]
[EventCountry "CRO"]
[SourceTitle "EXT 2010"]
[Source "ChessBase"]
[SourceDate "2010.11.25"]
[SourceVersion "1"]
[SourceVersionDate "2010.11.25"]
[SourceQuality "1"]

1. e4 e6 2. d4 d5 3. exd5 exd5 4. Bd3 Bd6 5. Qf3 Nc6 6. c3 Nce7 7. Bg5 f6 8. Bf4 Bxf4 9. Qxf4 Ng6 10. Qg3 N8e7 11. h4 Nf5 12. Qf3 Nge7 13. Nd2 0-0 14. Ne2 a5 15. Ng3 Nxg3 16. fxg3 Be6 17. 0-0 Qd7 18. Rae1 Rae8 19. Qh5 h6 20. Qf3 Bg4 21. Qf4 Nc8 22. Bg6 Re7 23. Nf3 Bxf3 24. Qxf3 f5 25. Qf4 Rf6 26. Bh5 Re4 27. Rxe4 fxe4 28. Qe5 Rxf1+ 29. Kxf1 Ne7 30. Qf4 Qf5 31. Bg4 Qf7 32. Ke2 Ng6 33. Qe3 Qf6 34. b3 Ne7 35. Qf4 Qxf4 36. gxf4 g6 37. h5 Kf7 38. Kf2 Nf5 39. Bxf5 gxf5 40. a4 Ke6 41. b4 axb4 42. cxb4 c6 43. Ke3 Kd6 44. Kd2 Kc7 45. Ke3 Kb6 46. Kd2 Kc7 47. Ke3 Kb8 48. Kd2 Kc8 49. Ke3 Kd8 50. Kd2 Kc7 51. Ke3 Kd6 52. Kd2 1/2-1/2